Statistiken für Geographie nach Bild - A

Klicken Sie hier um das Quiz zu spielen!

Allgemein

  • Dieses Quiz wurde 14.401 mal gespielt
  • Das Durchschnittsergebnis liegt bei 10 aus 18

Antwortstatistiken

Antwort% Korrekt
Ägypten
97%
Athen
96%
Albanien
94%
Antarktis
92%
Amsterdam
88%
Australien
86%
Amazonas
75%
Anden
63%
Alaska
58%
Adriatisches
54%
Andalusien
48%
Alcatraz
46%
Angkor Wat
34%
Alexandria
29%
Aachen
22%
Agra
17%
Ararat
12%
Arlington
12%

Verteilung der Resultate

Perzentil nach korrekt beantworteten Fragen

Anzahl Personen mit jedem Resultat

Ihre Resultats-Entwicklung

Sie haben dieses Quiz noch nicht gespielt